| 000 | 00615nam a2200181Ia 4500 | ||
|---|---|---|---|
| 005 | 20250423100846.0 | ||
| 008 | 250422s9999 xx 000 0 und d | ||
| 020 | _a9786058763326 | ||
| 050 | _aTK 7888.3 .K37/ | ||
| 100 | _aKarlık, Bekir, 1964- | ||
| 245 | 0 | _aSayısal tasarım | |
| 260 | _aKonya | ||
| 260 | _bEkopi Dijital Baskı | ||
| 260 | _c2011 | ||
| 300 | _a107 p | ||
| 650 | _aElectronic digital computers -- Circuits Logic circuits Logic design Digital integrated circuits Elektronik sayısal bilgisayarlar -- Devreler Mantık devreleri Mantık tasarımı Sayısal entegre devreler | ||
| 942 | _cBK | ||
| 999 |
_c34558 _d34558 |
||